| 000 | 00638nam a22001937a 4500 | ||
|---|---|---|---|
| 005 | 20150623112029.0 | ||
| 010 | _aENG-112863 | ||
| 020 |
_c450.00 _a9789350352687 |
||
| 035 | _aEN-96395 | ||
| 037 | _bDBAD/PUB | ||
| 082 | _a347.5401 | ||
| 100 | _aDivan, Anil | ||
| 245 |
_aOn the front foot : _cby Anil Divan _bwritings of Anil Divan on courts, press and personalities / |
||
| 260 |
_aNew Delhi _bUniversal Law Publishing _c2014 |
||
| 270 |
_aC-FF-1A, Dilkhush Industrial Estate G.T. Karnal Road, _bDelhi _e110033 |
||
| 300 |
_axxi, 340p. _c24cm(pbk) |
||
| 500 | _aIncludes index | ||
| 942 |
_2ddc _cEN _mDIV _h347.5401 |
||
| 999 |
_c93313 _d93313 |
||